La alfabetización en marcha /
Descripción de las acciones de la Cruzada nacional de alfabetización realizada en Nicaragua en 1980: sus estrategias, su organización, su metodología, su logística y los proyectos posteriores de la labor educativa en el país.
Kaydedildi:
| Materyal Türü: | Kitap |
|---|---|
| Dil: | İspanyolca |
| Konular: | |
| Etiketler: |
Etiket eklenmemiş, İlk siz ekleyin!
|
MARC
| LEADER | 00000nam^a2200000^a^4500 | ||
|---|---|---|---|
| 001 | 000392594 | ||
| 005 | 20250526000000.0 | ||
| 009 | 20260310121245.437 | ||
| 037 | |a Acervo ITESO - Biblioteca | ||
| 041 | |a ESP | ||
| 082 | |a 370. 194097285 |b ALF | ||
| 245 | 0 | 3 | |a La alfabetización en marcha / |
| 264 | |a Managua, Nicaragua : |b Ministerio de Educación, Vice-Ministerio de Educación de Adultos, |c 1980 | ||
| 300 | |a 27 p. ; |c 21.0 cm. | ||
| 520 | |a Descripción de las acciones de la Cruzada nacional de alfabetización realizada en Nicaragua en 1980: sus estrategias, su organización, su metodología, su logística y los proyectos posteriores de la labor educativa en el país. | ||
| 649 | |a XX | ||
| 650 | |a Adultos - |x Condiciones Sociales y Culturales | ||
| 650 | |a Alfabetización - |z Nicaragua - |x Tema Principal | ||
| 650 | |a Administración Educativa - |z Nicaragua | ||
| 650 | |a Metodología Educativa - |z Nicaragua | ||
| 650 | |a Proceso Educativo - |z Nicaragua | ||
| 650 | |a Educación de Adultos - |z Nicaragua | ||
| 650 | |a Educación y Promoción Popular - |z Nicaragua | ||
| 650 | |a Nicaragua - |x Condiciones Sociales y Culturales | ||
| 910 | |a Fondo Carlos Núñez Hurtado | ||
| 920 | |a Impresos - Libros | ||
| 930 | |a Libros Antiguos y Raros | ||
| 905 | |a 108 | ||
| 901 | |a 0500287537 |b IT2 |c LRA |i D81130 |u 20250526 | ||
| 902 | |a https://opac.biblio.iteso.mx/vufind/Record/000392594 | ||